000 00931nam a2200229Ia 4500
001 9109
003 GE_BSU
008 181216s||||||||xx |||||||||||||| ||und||
040 _cGE_BSU
080 _a82-93
100 _aლებანიძე,მურმან
245 _aლიხს იქით და ლიხს აქეთ საქართველო გიყვარდეთ!
245 _bლექსები უმცროსკლასელთათვის
245 _cრედ.ჯ.ბაჯელიძე.მხატვ.თ.მირზაშვილი
250 _aმეორე გამ–მა
260 _aთბილისი
260 _bნაკადული
260 _c1981
300 _a240გვ.ილ.21სმ.
653 _aლიხს იქით და ლიხს აქეთ საქართველო გიყვარდეთ!
942 _cBK
999 _c42413
_d42413